El crimen de Don Benito : (Record no. 196133)

MARC details
000 -LEADER
campo de control de longitud fija 01756nam a2200301 i 4500
001 - NÚMERO DE CONTROL
campo de control 196133
003 - IDENTIFICADOR DE NÚMERO DE CONTROL
campo de control ES-MaACL
005 - FECHA Y HORA DE LA ÚLTIMA TRANSACCIÓN
campo de control 20250721063452.0
008 - DATOS DE LONGITUD FIJA--INFORMACIÓN GENERAL
campo de control de longitud fija 240813b2024 sp ||||| |||| 00| 0 spa d
017 ## - NÚMERO DE COPYRIGHT O DE DEPÓSITO LEGAL
Número de copyright o de depósito legal LE 230-2024
Agencia que asigna Oficina Depósito Legal León
020 ## - NÚMERO INTERNACIONAL ESTÁNDAR DEL LIBRO
Número Internacional Estándar del Libro 9788412883619
040 ## - FUENTE DE CATALOGACIÓN
Lengua de catalogación spa
Centro/agencia transcriptor ES-MaACL
100 1# - ENTRADA PRINCIPAL--NOMBRE DE PERSONA
9 (RLIN) 226642
Nombre de persona Cortés González, Daniel,
Fechas asociadas al nombre 1987-
Término indicativo de función/relación Autor
245 ## - MENCIÓN DEL TÍTULO
Título El crimen de Don Benito :
Resto del título un pueblo contra el caciquismo /
Mención de responsabilidad, etc. Daniel Cortés González
250 ## - MENCION DE EDICION
Mención de edición Primera edición: Don Benito, Junio 2024
260 ## - PUBLICACIÓN, DISTRIBUCIÓN, ETC.
Lugar de publicación, distribución, etc. Don Benito :
Nombre del editor, distribuidor, etc. Ayuntamiento de Don Benito, Fondo Editorial,
Fecha de publicación, distribución, etc. 2024
300 ## - DESCRIPCIÓN FÍSICA
Extensión 406 páginas ;
Dimensiones 24 cm
336 ## - TIPO DE CONTENIDO
Fuente rdacontent
Término de tipo de contenido texto
337 ## - TIPO DE MEDIO
Fuente rdamedia
Nombre/término del tipo de medio sin mediación
338 ## - TIPO DE SOPORTE
Fuente rdacarrier
Nombre/término del tipo de soporte volumen
520 ## - RESUMEN, ETC.
Sumario, etc. Este libro no es una novela, sino un libro de historia; la historia de un sangriento suceso que tuvo lugar en Don Benito (Badajoz) en 1902 y que forma parte de la Crónica Negra de España.<br/><br/>El crimen, aunque su proceso no fue del todo justo, si es cierto que ocasionó un cambio evolutivo de la sociedad dombenitense, en la que se produjo la liberación del caciquismo a nivel local.<br/><br/>Dos honradas mujeres brutalmente asesinadas; un señorito convertido en asesino y acompañado por dos cómplices; un pueblo lleno de pasión por hacer justicia; un escabroso ajusticiamiento de los culpables; un suceso que conmocionó a España entera.
852 ## - LOCALIZACIÓN
Ubicación ES-MaACL
Ubicación en estantería Depósito J
Número de control de estantería N-10134
Encuadernación Encuadernación rústica con solapas
Donativo/Legado Donación: Editorial
itemnumber 206267
942 ## - ELEMENTOS DE ENTRADA SECUNDARIOS (KOHA)
Tipo de ítem Koha Libro impreso
Suprimir en OPAC No
Holdings
Estatus retirado Estado de pérdida Fuente del sistema de clasificación o colocación Estado de daño No para préstamo Biblioteca de origen Biblioteca actual Ubicación en estantería Fecha de adquisición Fuente de adquisición Total de préstamos Signatura topográfica completa Código de barras Visto por última vez Precio de reemplazo Tipo de ítem Koha
    Clasificación decimal universal     Biblioteca del Ateneo de Madrid Biblioteca del Ateneo de Madrid Depósito J 19/07/2025 Donación   N-10134 2025-0652 19/07/2025 19/07/2025 Libro impreso